Statistiche per Riconosci il Trasferimento - Quiz n°6

Clicka qui per fare il quiz!

Statistiche generali

  • Questo quiz è stato fatto 875 volte
  • Il punteggio medio è 14 su 20

Statistiche sulle risposte

RuoloNazioneTrasferimentiCalciatore% Corretto
DifensoreItaliaInter 2005 - Treviso 2007 - Pisa 2009 - Bari 2009 - Juventus 2010 - Milan 2017 - Juventus 2018Leonardo Bonucci
95%
DifensoreBrasileAtletico Paranaense 2008 - Santos 2010 - Porto 2011 - Juventus 2015Alex Sandro
93%
DifensoreGermaniaStoccarda II 2011 - Stoccarda 2012 - Roma 2015 - Chelsea 2017 - Real Madrid 2022Antonio Rüdiger
92%
CentrocampistaCroaziaDinamo Zagabria 2010 - Inter 2013 - Real Madrid 2015 - Chelsea 2018Mateo Kovačić
92%
DifensoreSenegalMetz 2010 - Genk 2012 - Napoli 2014 - Chelsea 2022Kalidou Koulibaly
87%
AttaccantePortogalloBenfica 2018 - Atletico Madrid 2019 - Chelsea 2023João Félix
86%
CentrocampistaArgentinaBoca Juniors 2011 - Chievo 2014 - Roma 2014 - Empoli 2015 - Roma 2016 - Zenit 2017 - Paris Saint-Germain 2019 - Juventus 2022Leandro Paredes
86%
CentrocampistaItaliaMilan 2011 - Benfica 2014 - Palermo 2016 - Pescara 2016 - Atalanta 2017 - Roma 2018Bryan Cristante
80%
PortierePoloniaGórnik Zabrze 2009 - Ruch Radzionków 2011 - Górnik Zabrze 2011 - Roma 2013 - Empoli 2015 - Roma 2017 - Bologna 2018Łukasz Skorupski
80%
DifensoreOlandaFeyenoord 2009 - Lazio 2014 - Inter 2018Stefan De Vrij
79%
DifensoreBelgioAjax 2006 - RKC Waalwijk 2007 - Ajax 2007 - Tottenham 2012 - Benfica 2020 - Anderlecht 2022Jan Vertonghen
73%
DifensoreInghilterraManchester City 2008 - Barnsley 2010 - Burnley 2011 - Tottenham 2015 - Atletico Madrid 2019 - Newcastle Utd 2022Kieran Trippier
71%
AttaccanteCamerunLeganes 1997 - Real Madrid 1998 - Espanyol 1998 - Real Madrid 1999 - Maiorca 2000 - Barcellona 2004 - Inter 2009 - Anži 2011 - Chelsea 2013 - Everton 2014 - Sampdoria 2015 - Antalyaspor 2015 - Konyaspor 2018 - Qatar SC 2018Samuel Eto'o
68%
CentrocampistaSvizzeraWinterthur II 2009 - Winterthur 2009 - Grosshoppers II 2010 - Grosshoppers 2010 - Winterthur 2011 - Lucerna 2014 - Atalanta 2016 - Nottingham Forest 2022Remo Freuler
58%
AttaccanteFranciaRennes 2 2014 - Rennes 2015 - Borussia Dortmund 2016 - Barcellona 2017Ousmane Dembélé
56%
CentrocampistaGermaniaBayern Monaco II 2019 - Bayern Monaco 2019Jamal Musiala
55%
PortiereSpagnaBaskonia 2014 - Athletic Bilbao B 2016 - Athletic Bilbao 2018Unai Simón
53%
AttaccanteCileUniversidad de Chile 2002 - Inter 2003 - Chievo 2003 - Cleta Vigo 2004 - Sporting Lisbona 2004 - Racing Santander 2006 - Hearts 2006 - Universidad de Chile 2007 - Hearts 2007 - Vasco da Gama 2008 - Apollōn Limassol 2009 - Grosseto 2009 - Palermo 2010 - Cagliari 2012 - Genoa 2014 - Atalanta 2015 - Genoa 2017 - Uniersidad de Chile 2017 - Coquimbo Unido 2019Mauricio Pinilla
42%
DifensoreFranciaSalisburgo 2015 - Liefering 2015 - Salisburgo 2016 - Red Bull Lipsia 2021Dayot Upamecano
36%
AttaccanteSpagnaVillareal C 2019 - Villareal 2020Yéremi Pino
30%

Distribuzione punteggi

Percentile per numero di risposta

Percentuale di utenti per punteggio

I tuoi punteggi nel tempo

Non hai fatto questo quiz